Statistics for Game of Thrones: Wedding Vows

Click here to take the quiz!

General Stats

  • This quiz has been taken 14 times
  • The average score is 26 of 49

Answer Stats

SpeakerWords% Correct
septonI
100%
bride/groomI
100%
septonthe
80%
bride/groomthe
80%
septonthe
80%
septonthe
80%
bride/groomCrone.
70%
bride/groomFather.
70%
bride/groomis
70%
bride/groomMaiden.
70%
bride/groomMother.
70%
bride/groommy
70%
bride/groomStranger.
70%
bride/groomand
60%
septonand
60%
septonfor
60%
septonof
60%
bride/groomof
60%
septonSeven,
60%
bride/groomSmith.
60%
bride/groomthis
60%
bride/groomWarrior.
60%
bride/groomam
50%
septonas
50%
bride/groomday,
50%
bride/groomhe/she
50%
bride/groomhis/hers,
50%
septonIn
50%
bride/groommine,
50%
bride/groomdays.
40%
bride/groomfrom
40%
septonLook
40%
septonsight
40%
septonthese
40%
septontwo
40%
bride/groomuntil
40%
septonupon
40%
septonanother
30%
bride/groomend
30%
septoneternity.
30%
septonone
30%
septonone
30%
septonsay
30%
septonsouls,
30%
septonthem
30%
septonwords.
30%
septonbinding
20%
septonhearby
20%
septonseal
20%

Score Distribution

Percentile by Number Answered

Percent of People with Each Score

Your Score History

You have not taken this quiz